000 00186 a2200097 4500
020 _a0439756634
041 _aeng
100 _aAnn,Whitfrd ,paul
245 _aMaąna Iguana
942 _cBK
999 _c31745
_d31743